000 01182nam a2200349 i 4500
001 000030158
003 DO-SdBNP
005 20260326131827.0
007 ta
008 110503s2004 dr ad 001 0 spa d
020 _a9993467146
040 _aDO-SdBNP
_bspa
_cBNPHU
_erda
041 _aspa
082 _a332.642
_bA696b
_222
100 1 _aArias, José Adalberto,
_d1951-
_eautor
_943084
245 1 3 _aLa bolsa y los derivados financieros /
_cJosé Adalberto Arias.
264 _aSanto Domingo :
_bAmigo del Hogar,
_c2004.
300 _a202 páginas :
_bilustraciones, gráficas. ;
_c23 cm.
336 _ardacontent
_btexto
_2txt
337 _ardamedia
_bsin mediación
_2n
338 _ardacarrier
_bvolumen
_2nc
500 _aIncluye datos biográficos del autor en las solapas
504 _aIncluye bibliografía y notas al pie de las páginas.
504 _aBibliografía: páginas 201-202.
590 _aInventariado, 2018/MFF
650 0 _a Bolsa de valores
_956872
650 0 _aLetras de cambio
_956873
650 4 _aMercado de valores
_956874
650 0 _aInstituciones financieras
_956875
910 _aValidado. Control de calidad EMS.
942 _2ddc
_cLBS1
999 _c29650
_d29650